Un drama íntimo: Novela original dedicada al Sr. Ricardo Carrasquilla
Збережено в:
| Автори: | , , |
|---|---|
| Формат: | Книга |
| Мова: | Іспанська |
| Опубліковано: |
Bogotá
Imprenta de F. Mantilla
1870
|
| Редагування: | 1a. ed |
| Предмети: | |
| Теги: |
Додати тег
Немає тегів, Будьте першим, хто поставить тег для цього запису!
|
MARC
| LEADER | 00000nam a2200000 a 4500 | ||
|---|---|---|---|
| 001 | UCJ4282 | ||
| 003 | CL-VaPUC | ||
| 008 | 070124e18700000CK |||||||||||||||||spa|d | ||
| 082 | 0 | 4 | |a C863 |b SAM |2 21 |
| 100 | 0 | |a Samper, José M. |e author |9 504947 | |
| 700 | 0 | |a Mina, Juan de la |e author |9 507662 | |
| 700 | 0 | |a Juan de la Mina |e author |9 507663 | |
| 245 | 1 | 3 | |a Un drama íntimo: Novela original dedicada al Sr. Ricardo Carrasquilla |
| 250 | |a 1a. ed | ||
| 300 | |a 308 p | ||
| 942 | |c BK | ||
| 945 | |d 20070124 00:00:00 |a rinostro | ||
| 260 | |a Bogotá |b Imprenta de F. Mantilla |c 1870 | ||
| 650 | 0 | |a Novela colombiana |9 318718 | |
| 583 | |a last modification |c 20070124 00:00:00 |k Rodrigo Vera | ||
| 999 | |c 320399 |d 320397 | ||
| 952 | |0 0 |1 0 |4 0 |6 C_863_000000000000000_SAM_1870 |7 0 |8 X |9 398914 |a FDOBUD |b FDOBUD |d 2019-11-22 |i 1016210 |o C863 SAM 1870 |p 1016210 |r 2019-11-22 |w 2019-11-22 |y BK_X |k BUD | ||